000 nam a22 a 4500
999 _c134649
_d134649
003 BLK
005 20220705092222.0
008 180409b bul|||||r ||||||| ||bul||
010 _aKNG00140564000
040 _aBLK
041 _aBUL
_cBUL
080 _aТурска литература
_b821.512.161
_x-31
_z821.512.161-31
100 1 _aНури, Решат
_eпърви автор
_gГюнтекин, Решат Нури
_9304412
139 _aГюнтекин, Решат Нури
_bГ 98
245 1 0 _aЧучулигата
_bРоман
_cРешат Нури; прев. от тур. Сюлейман Хафъзов; предг. от Парашкев Парушев.
250 _a2. изд.
257 _aTUR
260 _aСофия
_bНар. култура
_c1970
300 _a408 с.
_c20 см
380 _aX
500 _aОриг. загл. Calikusu. - 1. изд. 1968.
700 1 _aХафъзов, Сюлейман
_eпрев. от тур.
_9136554
700 1 _aПарушев, Парашкев
_eпредг. от
_9378671
852 _aЦб 55264
_bЦб
856 4 _qpdf
856 4 _qpdf
942 _cKNG
_n0
_s1
944 _aCR
_c12.03.2013
_kГеновева_Генчева
944 _aED
_c2022-07-05
_kир
999 _d134649